00987naa#a2200193#i#4500001001600000005001700016011001400033100004100047102000700088200025000095210012800345215001000473608004500483675007900528700006000607700005800667700005200725856001600777RU\\bibl\11979820260418181725.6##a1819-4036##a20210226b2021####ek#y0rusy0150####ca##aRU1#aПАТОМОРФОЛОГИЧЕСКИЕ ИЗМЕНЕНИЯ В ОРГАНАХ КРУПНОГО РОГАТОГО СКОТА, СОДЕРЖАЩЕГОСЯ В УСЛОВИЯХ ТЕХНОГЕННОЙ ПРОВИНЦИИeЖурнальная статья1#aКрасноярскcКрасноярский государственный аграрный университетd2021##a6 с.##aЖурнальная статья2local##aСравнительная патология. Ветеринария. 619#1aГертманgАлександр Михайлович#1aСамсоноваgТатьяна Сергеевна#1aМаксимовичgДина Мратовна4#asej.kgau.ru